| 000 | 01743cam a22002895a 4500 | ||
|---|---|---|---|
| 003 | AR-RoUNCS | ||
| 005 | 20260507151450.0 | ||
| 007 | ta | ||
| 008 | 070305s2009 ag |||||r |00| f spa d | ||
| 020 | _a9789505812738 | ||
| 040 |
_aAR-RoUNCS _bspa _cAR-RoUNCS |
||
| 041 | 1 |
_aspa _heng |
|
| 080 | 1 | _a82-31(410) | |
| 100 | 1 |
_aCarroll, Lewis, _d1832-1898 _eautor |
|
| 245 | 1 | 0 |
_aCuando Alicia atravesó el espejo / _cLewis Carroll ; traducción Graciela Montes ; ilustraciones Gustavo Roldán. |
| 250 | _a1a ed. | ||
| 260 |
_aBuenos Aires : _bColihue, _ci2009. |
||
| 300 |
_a155 p. : _bils. ; _c24 cm. |
||
| 490 | _aLos Libros de Boris | ||
| 505 | 0 | _aLa casa del espejo -- El jardín de las flores vivientes -- Los insectos de la Casa del Espejo -- Carabirulín y Carabirulán -- Lana y agua -- Pepín Cascarón -- El león y el unicornio -- Es un invento mío -- La Reina Alicia -- Sacudiendo -- Despertándose -- ¿Quién fue el que lo soñó?.- | |
| 520 | _a“¡Te juro! Va a ser bastante fácil pasar al otro lado… Cuando Alicia dijo esto ya estaba trepada a la repisa de la chimenea, aunque casi no recordaba cómo había hecho para llegar hasta allí. Y era cierto que el vidrio estaba empezando a disolverse como una brillante bruma de plata. Un instante después Alicia había atravesado el vidrio y había aterrizado de un salto en la habitación del espejo. Lo primero que hizo fue mirar para ver si en el lugar había fuego encendido, y se alegró al descubrir que había un fuego de verdad, que brillaba tanto como el que acababa de dejar atrás.” | ||
| 650 | 7 |
_2embne _aLiteratura inglesa |
|
| 655 | 7 |
_2embne _aNovelas cortas |
|
| 700 |
_aMontes, Graciela _etr. |
||
| 700 |
_aRoldán, Gustavo _eil. |
||
| 942 |
_2udc _cOG _n0 |
||
| 999 |
_c984 _d984 |
||